Yearbook of U. S. - Japan economic relations 1979

Сохранить в:
Библиографические подробности
Формат:
Язык:Undetermined
Опубликовано: Washington, D. C. The United States- Japan Trade Council, Inc. 1979
Предметы:
Метки: Добавить метку
Нет меток, Требуется 1-ая метка записи!
Thư viện lưu trữ: Trung tâm Học liệu Trường Đại học Cần Thơ
LEADER 00563nam a2200181Ia 4500
001 CTU_82239
008 210402s9999 xx 000 0 und d
082 |a 337.1 
082 |b Y39 
245 0 |a Yearbook of U. S. - Japan economic relations 1979 
260 |a Washington, D. C. 
260 |b The United States- Japan Trade Council, Inc. 
260 |c 1979 
650 |a United states,Japan 
650 |x Economic relations,Economic relations 
650 |z Japan,United states 
904 |i Trúc,Hải 
980 |a Trung tâm Học liệu Trường Đại học Cần Thơ